Directory of Libraries : (Record no. 216095)
[ view plain ]
| 000 -LEADER | |
|---|---|
| fixed length control field | 00840nam a22002417a 4500 |
| 005 - DATE AND TIME OF LATEST TRANSACTION | |
| control field | 20260507144655.0 |
| 010 ## - LCCN (DPL NO) | |
| LC control number | ENG-148392-93 |
| 020 ## - INTERNATIONAL STANDARD BOOK NUMBER | |
| Terms of availability | 4270.00 (Set) |
| International Standard Book Number | 9788196364786 (Vol-4) |
| 035 ## - SYSTEM CONTROL NUMBER | |
| System control number | EN-131924-25 |
| 037 ## - SOURCE OF ACQUISITION | |
| Source of stock number/acquisition | DBAD |
| 082 ## - DEWEY DECIMAL CLASSIFICATION NUMBER | |
| Classification number | 020.954442 |
| 245 ## - TITLE STATEMENT | |
| Title | Directory of Libraries : |
| Statement of responsibility, etc | edited by Siva Prasad Senapathi; compiled by John Meshok J.D. |
| Remainder of title | Tamil Nadu Part I& II |
| 260 ## - PUBLICATION, DISTRIBUTION, ETC. (IMPRINT) | |
| Place of publication, distribution, etc | KolKata |
| Name of publisher, distributor, etc | Central Reference Library, Govt. of India |
| Date of publication, distribution, etc | 2025 |
| 270 ## - ADDRESS | |
| Address | Belvedere Estate, Alipore, |
| City | KolKata |
| Postal code | 700027 |
| 300 ## - PHYSICAL DESCRIPTION | |
| Extent | 2Set(1235;1214p. |
| Dimensions | 28cm(Hb) |
| 490 ## - SERIES STATEMENT | |
| Volume number/sequential designation | Vol-4 (Part 1 & 2) |
| 500 ## - GENERAL NOTE | |
| General note | Includes index |
| 650 ## - SUBJECT ADDED ENTRY--TOPICAL TERM | |
| Topical term or geographic name as entry element | Public libraries |
| 650 ## - SUBJECT ADDED ENTRY--TOPICAL TERM | |
| Topical term or geographic name as entry element | Directories |
| 700 ## - ADDED ENTRY--PERSONAL NAME | |
| Personal name | Senapathi ,Siva Prasad |
| 9 (RLIN) | 89025 |
| 700 ## - ADDED ENTRY--PERSONAL NAME | |
| Personal name | John Meshok J.D. |
| 9 (RLIN) | 89026 |
| 942 ## - ADDED ENTRY ELEMENTS (KOHA) | |
| Source of classification or shelving scheme | Dewey Decimal Classification |
| Item type | English Books |
| Classification part | 020.954442 |
| Call number suffix | DIR |
| Withdrawn status | Lost status | Materials specified (bound volume or other part) | Not for loan | Collection code | Home library | Current library | Date acquired | Source of acquisition | Cost, normal purchase price | Full call number | Barcode | Copy number | Cost, replacement price | Koha item type |
|---|---|---|---|---|---|---|---|---|---|---|---|---|---|---|
| Vol-4 (Part-1) | Not For Loan | Reference | Sarojini Nagar | Sarojini Nagar | 07/05/2026 | DBAD | 4270.00 | 020.954442 DIR | EN-131924 | 1 | 4270.00 | English Books | ||
| Vol-4 (Part-2) | Not For Loan | Reference | Sarojini Nagar | Sarojini Nagar | 07/05/2026 | DBAD | 4270.00 | 020.954442 DIR | EN-131925 | 2 | 4270.00 | English Books |
